000 01076nam0a22002891 4500
001 rc\3786019
005 20250530051107.0
021 _aRU
_b[75-40740]
035 _a(NLR Aleph) 007238028
090 _a7748020
_c7748020
100 _a20120207d1975 |||y0rusy50 ca
101 0 _arus
102 _aRU
105 _aa z |||||
200 1 _aТайны алтайских крепостей
210 _a[Барнаул]
_cАлт. кн. изд-во
_d1975
215 _a80 с.
_cил.
_d20
320 _aСписок лит.: с. 77-79 (66 назв.)
606 _aОборонительное сооружение русские
_z18 в.
_yАлтайский край
_2psbo
606 _aВоенно-инженерное дело в России
_z18 в.
_2psbo
700 1 _7ca
_8rus
_aСергеев
_bА. Д.
_cканд. ист. наук, краевед
_f1930-2002
_gАлексей Дмитриевич
_9234804
_3RU\NLR\AUTH\770234860
801 0 _aRU
_bNLR
_gpsbo
801 1 _aRU
_bELAR
_2rusmarc
852 _aNLR
_j75-4/8647
942 _cBOOK
980 _aNB